[Event "4NCL Division 1c"]
[Site "Telford, ENG"]
[Date "2019.05.06"]
[Round "11.25"]
[White "Astaneh Lopez, Alex"]
[Black "Haria, Ravi"]
[Result "1/2-1/2"]
[WhiteElo "2427"]
[BlackElo "2432"]
[PlyCount "103"]
[EventDate "2019.05.06"]
[WhiteTeam "Cheddleton 1"]
[BlackTeam "Wood Green"]

1. d4 e6 2. c4 d5 3. Nf3 Nf6 4. g3 Bb4+ 5. Bd2 Bd6 6. Bg2 O-O 7. O-O c6 8. Qc2
Ne4 9. Bf4 Bxf4 10. gxf4 Nd7 11. e3 Qe7 12. Nc3 f5 13. Ne5 Rf6 14. Nxe4 fxe4
15. f3 exf3 16. Bxf3 Nxe5 17. fxe5 Rh6 18. Bg2 Bd7 19. Rf4 Rh4 20. cxd5 exd5
21. Raf1 Rxf4 22. Rxf4 Be6 23. a3 Rc8 24. h4 c5 25. Qf2 b5 26. dxc5 Rxc5 27.
Qd2 Qc7 28. Qd4 h6 29. Bf1 Rc1 30. Kg2 Qd7 31. Bd3 Rc8 32. Kg3 a6 33. b3 Qc7
34. a4 Qc1 35. Rf1 Qc3 36. axb5 axb5 37. b4 Qc6 38. Rf2 Qc1 39. Rf1 Qc6 40. Rf2
Qc1 41. Kg2 Kh8 42. Bxb5 Rb8 43. Bd3 Qe1 44. Rf1 Qd2+ 45. Kg3 g5 46. Rf6 Qe1+
47. Kg2 Rxb4 48. Rxh6+ Kg8 49. Rg6+ Kh8 50. Rh6+ Kg8 51. Rg6+ Kh8 52. Rh6+
1/2-1/2

[Event "4NCL Division 1c"]
[Site "Telford, ENG"]
[Date "2019.05.06"]
[Round "11.26"]
[White "Taylor, Adam C"]
[Black "Arkell, Keith C"]
[Result "1/2-1/2"]
[WhiteElo "2398"]
[BlackElo "2467"]
[PlyCount "21"]
[EventDate "2019.05.06"]
[WhiteTeam "Wood Green"]
[BlackTeam "Cheddleton 1"]

1. c4 c5 2. Nc3 Nc6 3. g3 g6 4. Bg2 Bg7 5. a3 a6 6. Rb1 Rb8 7. b4 cxb4 8. axb4
b5 9. cxb5 axb5 10. Nf3 Nf6 11. O-O 1/2-1/2

[Event "4NCL Division 1c"]
[Site "Telford, ENG"]
[Date "2019.05.06"]
[Round "11.27"]
[White "Kirk, Ezra"]
[Black "McDonald, Neil"]
[Result "1/2-1/2"]
[WhiteElo "2427"]
[BlackElo "2410"]
[PlyCount "100"]
[EventDate "2019.05.06"]
[WhiteTeam "Cheddleton 1"]
[BlackTeam "Wood Green"]

1. e4 d5 2. exd5 Qxd5 3. Nc3 Qd6 4. d4 Nf6 5. Nf3 g6 6. Nb5 Qb6 7. Bd3 c6 8.
Na3 Bg7 9. O-O Bg4 10. Nc4 Qd8 11. Re1 O-O 12. c3 Nbd7 13. h3 Bxf3 14. Qxf3 Nd5
15. Bg5 N7f6 16. Rad1 b5 17. Ne5 Rc8 18. Re2 Qd6 19. g4 Nd7 20. Nxd7 Qxd7 21.
Rde1 e6 22. h4 c5 23. dxc5 Rxc5 24. Bc1 Rfc8 25. Rd2 Qc7 26. Rdd1 Be5 27. Be4
Nf6 28. Bb7 Rd8 29. Rxd8+ Qxd8 30. Be3 Rc4 31. Bg5 h6 32. Rxe5 hxg5 33. Rxg5
Nh7 34. Rxb5 Qxh4 35. Qd3 Rf4 36. f3 Qg3+ 37. Kf1 Nf6 38. Rb4 Nxg4 39. Qd2 Nh2+
40. Ke2 Rf5 41. Qd8+ Kg7 42. Rh4 Rh5 43. Rxh5 gxh5 44. Qd4+ e5 45. Qf2 Qf4 46.
Qg1+ Kf6 47. Bd5 Qa4 48. Bb3 Qf4 49. Bd5 Qa4 50. Kf2 Qf4 1/2-1/2

[Event "4NCL Division 1c"]
[Site "Telford, ENG"]
[Date "2019.05.06"]
[Round "11.28"]
[White "Willow, Jonah B"]
[Black "Steil-Antoni, Fiona"]
[Result "1-0"]
[WhiteElo "2302"]
[BlackElo "2156"]
[PlyCount "57"]
[EventDate "2019.05.06"]
[WhiteTeam "Wood Green"]
[BlackTeam "Cheddleton 1"]

1. e4 e5 2. Nf3 Nc6 3. Nc3 Nf6 4. Bb5 Bb4 5. O-O O-O 6. d3 Bxc3 7. bxc3 d6 8.
Bg5 Qe7 9. Re1 Nd8 10. d4 Ne6 11. Bc1 c5 12. a4 Rd8 13. Bd3 Nf8 14. d5 Ng6 15.
c4 h6 16. Nd2 Nh7 17. Nf1 Rf8 18. Rb1 f5 19. exf5 Bxf5 20. Bxf5 Rxf5 21. Qg4
Rf6 22. Ng3 Nhf8 23. f4 Kh7 24. f5 Nh8 25. Ne4 Rf7 26. Rb3 Qd7 27. Rf1 Qxa4 28.
Rg3 Nd7 29. f6 1-0

[Event "4NCL Division 1c"]
[Site "Telford, ENG"]
[Date "2019.05.06"]
[Round "11.31"]
[White "Gormally, Daniel W"]
[Black "Turner, Matthew J"]
[Result "1/2-1/2"]
[WhiteElo "2509"]
[BlackElo "2517"]
[PlyCount "36"]
[EventDate "2019.05.06"]
[WhiteTeam "Blackthorne Russia"]
[BlackTeam "Barbican 4NCL 1"]

1. e4 e5 2. Nf3 Nc6 3. Bb5 a6 4. Ba4 Nf6 5. O-O Be7 6. Re1 b5 7. Bb3 d6 8. c3
O-O 9. h3 Be6 10. d4 Bxb3 11. Qxb3 exd4 12. cxd4 d5 13. e5 Ne4 14. Nbd2 Nxd2
15. Bxd2 Qd7 16. Rac1 Nd8 17. Qc2 Rc8 18. b4 c6 1/2-1/2

[Event "4NCL Division 1c"]
[Site "Telford, ENG"]
[Date "2019.05.06"]
[Round "11.32"]
[White "Collins, Sam E"]
[Black "Bates, Richard A"]
[Result "1-0"]
[WhiteElo "2433"]
[BlackElo "2348"]
[PlyCount "101"]
[EventDate "2019.05.06"]
[WhiteTeam "Barbican 4NCL 1"]
[BlackTeam "Blackthorne Russia"]

1. e4 c5 2. Nf3 d6 3. Bb5+ Nd7 4. c3 Ngf6 5. Qe2 a6 6. Ba4 Qc7 7. O-O c4 8. Bc2
Ne5 9. Nxe5 dxe5 10. d3 cxd3 11. Bxd3 Bg4 12. f3 Bh5 13. Be3 e6 14. Nd2 Bc5 15.
Bxc5 Qxc5+ 16. Qf2 Qxf2+ 17. Kxf2 Ke7 18. Ke3 g5 19. Nc4 Nd7 20. Be2 f6 21.
Rfd1 Rac8 22. a4 Rc7 23. a5 Rhc8 24. Ra4 Nc5 25. Rb4 Be8 26. h4 gxh4 27. Rh1
Rd8 28. Rxh4 Kf8 29. g4 Kg7 30. Nb6 Bc6 31. Rh1 h6 32. Rd1 Rxd1 33. Bxd1 Bb5
34. Bc2 h5 35. gxh5 Kh6 36. Na4 Nd7 37. Bd3 Bc6 38. Rc4 Rc8 39. Nc5 Nxc5 40.
Rxc5 Kxh5 41. f4 Kg6 42. fxe5 fxe5 43. Rxe5 Kf6 44. Rh5 e5 45. Rf5+ Ke6 46.
Bc4+ Kd6 47. Rf6+ Kc7 48. Re6 Re8 49. Rxe8 Bxe8 50. b4 Ba4 51. Bd3 1-0

[Event "4NCL Division 1c"]
[Site "Telford, ENG"]
[Date "2019.05.06"]
[Round "11.33"]
[White "Ledger, Andrew J"]
[Black "Griffiths, Ryan Rhys"]
[Result "1/2-1/2"]
[WhiteElo "2334"]
[BlackElo "2355"]
[PlyCount "21"]
[EventDate "2019.05.06"]
[WhiteTeam "Blackthorne Russia"]
[BlackTeam "Barbican 4NCL 1"]

1. d4 Nf6 2. c4 e6 3. Nf3 b6 4. g3 Ba6 5. Qa4 Bb7 6. Bg2 c5 7. O-O cxd4 8. Nxd4
Bxg2 9. Kxg2 Qc8 10. Rd1 Qb7+ 11. Kg1 1/2-1/2

[Event "4NCL Division 1c"]
[Site "Telford, ENG"]
[Date "2019.05.06"]
[Round "11.34"]
[White "Jackson, James P"]
[Black "Ledger, Dave J"]
[Result "1-0"]
[WhiteElo "2388"]
[BlackElo "2260"]
[PlyCount "81"]
[EventDate "2019.05.06"]
[WhiteTeam "Barbican 4NCL 1"]
[BlackTeam "Blackthorne Russia"]

1. e4 e5 2. Nf3 Nc6 3. Bb5 a6 4. Ba4 Nf6 5. O-O Be7 6. Re1 b5 7. Bb3 O-O 8. h3
d6 9. c3 Na5 10. Bc2 c5 11. d4 Qc7 12. Nbd2 cxd4 13. cxd4 Rd8 14. d5 Bd7 15.
Bd3 g6 16. Bf1 Rdc8 17. b4 Nb7 18. a3 Qc2 19. Qxc2 Rxc2 20. Bd3 Rc3 21. Bb1 Bd8
22. Bb2 Rcc8 23. Bd3 Nh5 24. Rec1 Nf4 25. Bf1 Bb6 26. Rxc8+ Rxc8 27. a4 bxa4
28. Bxa6 Rc2 29. Bc1 Nd8 30. Ne1 Rc7 31. Bb2 Nb7 32. Kf1 f5 33. Nc4 Bd4 34.
Bxd4 exd4 35. g3 Nxh3 36. Nf3 fxe4 37. Nxd4 Ng5 38. Nc6 Bxc6 39. dxc6 Nd8 40.
b5 Ngf7 41. Ne3 1-0

[Event "4NCL Division 1c"]
[Site "Telford, ENG"]
[Date "2019.05.06"]
[Round "11.35"]
[White "Duncan, Chris R"]
[Black "Taylor, Martin R"]
[Result "1/2-1/2"]
[WhiteElo "2221"]
[BlackElo "2335"]
[PlyCount "53"]
[EventDate "2019.05.06"]
[WhiteTeam "Blackthorne Russia"]
[BlackTeam "Barbican 4NCL 1"]

1. Nf3 d5 2. d4 Nf6 3. c4 c6 4. Nc3 e6 5. Bg5 Nbd7 6. e3 Qa5 7. Nd2 Bb4 8. Qc2
c5 9. Be2 cxd4 10. exd4 dxc4 11. Bxf6 Nxf6 12. Nxc4 Bxc3+ 13. bxc3 Qc7 14. O-O
O-O 15. Rac1 b6 16. Rfd1 Bb7 17. Ne5 Rfd8 18. Qd2 Rac8 19. c4 Nd7 20. Nf3 Bxf3
21. Bxf3 e5 22. d5 Nf6 23. a4 Qd6 24. a5 Rc5 25. axb6 axb6 26. Qb2 h6 27. Re1
1/2-1/2

[Event "4NCL Division 1c"]
[Site "Telford, ENG"]
[Date "2019.05.06"]
[Round "11.36"]
[White "Pigott, John C"]
[Black "Eames, Robert S"]
[Result "1-0"]
[WhiteElo "2384"]
[BlackElo "2134"]
[PlyCount "96"]
[EventDate "2019.05.06"]
[WhiteTeam "Barbican 4NCL 1"]
[BlackTeam "Blackthorne Russia"]

1. c4 e6 2. g3 d5 3. Bg2 Nf6 4. Nf3 dxc4 5. O-O Nc6 6. Qa4 Bd7 7. Qxc4 Bd6 8.
d4 O-O 9. Nbd2 Rb8 10. Qc2 Nb4 11. Qb3 a5 12. a3 a4 13. Qd1 Na6 14. Nc4 Be7 15.
Bd2 Bb5 16. Rc1 Ne4 17. Bf4 g5 18. Be3 Nd6 19. Nxd6 cxd6 20. Qd2 g4 21. Ne1 f5
22. Nd3 Nc7 23. Rc2 d5 24. Bf4 Bd6 25. Bxd6 Qxd6 26. Ne5 Be8 27. Qa5 Na6 28.
Rfc1 Qd8 29. Qd2 Bd7 30. Bf1 Rc8 31. Rxc8 Bxc8 32. Rc3 Nc7 33. Qc2 Nb5 34. Rc5
Nxd4 35. Qxa4 Nc6 36. Nxc6 bxc6 37. Qxc6 Qf6 38. Qd6 Rd8 39. Qb6 d4 40. a4 Rf8
41. Qd6 Rd8 42. Qc7 Bd7 43. a5 Qe7 44. b4 Rc8 45. Qb7 Rxc5 46. bxc5 Qe8 47. Bg2
e5 48. Bd5+ Kh8 1-0

[Event "4NCL Division 1c"]
[Site "Telford, ENG"]
[Date "2019.05.06"]
[Round "11.37"]
[White "Ledger, Stephen C"]
[Black "Sowray, Peter J"]
[Result "1/2-1/2"]
[WhiteElo "2110"]
[BlackElo "2356"]
[PlyCount "50"]
[EventDate "2019.05.06"]
[WhiteTeam "Blackthorne Russia"]
[BlackTeam "Barbican 4NCL 1"]

1. d4 d5 2. Bf4 Nf6 3. e3 e6 4. Nd2 Bd6 5. Bg3 O-O 6. Ngf3 b6 7. c3 c5 8. Bd3
Ba6 9. Qe2 Bxd3 10. Qxd3 Nc6 11. O-O Bxg3 12. hxg3 Rc8 13. Rfe1 Re8 14. Rad1
Qc7 15. a3 e5 16. dxe5 Nxe5 17. Nxe5 Qxe5 18. Nf3 Qe6 19. Qa6 Qc6 20. Qd3 Qa4
21. Re2 Rcd8 22. Qc2 Qxc2 23. Rxc2 Ne4 24. Nd2 Nd6 25. Nf3 Ne4 1/2-1/2

[Event "4NCL Division 1c"]
[Site "Telford, ENG"]
[Date "2019.05.06"]
[Round "11.38"]
[White "Bhatia, Kanwal K"]
[Black "Camp, Syringa Lyn"]
[Result "1-0"]
[WhiteElo "2046"]
[BlackElo "1655"]
[PlyCount "41"]
[EventDate "2019.05.06"]
[WhiteTeam "Barbican 4NCL 1"]
[BlackTeam "Blackthorne Russia"]

1. e4 c5 2. c3 d5 3. exd5 Qxd5 4. d4 Nc6 5. Nf3 Bg4 6. Be2 cxd4 7. cxd4 e6 8.
O-O Bb4 9. Nc3 Qa5 10. h3 Bxf3 11. Bxf3 Nge7 12. Ne4 Rd8 13. a3 Nxd4 14. Be3
Nxf3+ 15. Qxf3 Bd6 16. Nxd6+ Rxd6 17. Qxb7 a6 18. Rfd1 Nd5 19. Rac1 Qb5 20.
Rc8+ Rd8 21. Rxd8+ 1-0

[Event "4NCL Division 1c"]
[Site "Telford, ENG"]
[Date "2019.05.06"]
[Round "11.41"]
[White "Pert, Nicholas"]
[Black "Alsina Leal, Daniel"]
[Result "1/2-1/2"]
[WhiteElo "2563"]
[BlackElo "2470"]
[PlyCount "174"]
[EventDate "2019.05.06"]
[WhiteTeam "Guildford 2"]
[BlackTeam "White Rose 1"]

1. d4 d5 2. c4 c6 3. cxd5 cxd5 4. Nf3 Nf6 5. Nc3 Nc6 6. Bf4 Bf5 7. e3 e6 8. Qb3
Bb4 9. Ne5 Bxc3+ 10. bxc3 Nxe5 11. Bxe5 O-O 12. Rc1 Rc8 13. Qxb7 Ne4 14. f3 Nd6
15. Qxa7 f6 16. Bg3 Rf7 17. Qa3 Rd7 18. Bxd6 Rxd6 19. Bb5 Rb6 20. Qb2 Bd3 21.
a4 Rcb8 22. Qd2 Bxb5 23. axb5 Rxb5 24. O-O Rb2 25. Rc2 Qb6 26. Rfc1 Rxc2 27.
Qxc2 Qb2 28. e4 Qxc2 29. Rxc2 Kf7 30. Kf2 Rb1 31. Ke3 g5 32. Ra2 Re1+ 33. Kd3
Rd1+ 34. Kc2 Rh1 35. h3 Ke7 36. Ra7+ Kd6 37. Rxh7 Rh2 38. Rf7 Rxg2+ 39. Kd3 Rg3
40. Rxf6 Ke7 41. e5 Rxh3 42. c4 dxc4+ 43. Kxc4 Rh1 44. Rg6 Rf1 45. Rxg5 Rxf3
46. Rg7+ Kf8 47. Ra7 Rf1 48. Kc5 Rd1 49. Kd6 Rxd4+ 50. Kxe6 Re4 51. Ra8+ Kg7
52. Re8 Ra4 53. Rd8 Re4 54. Rd7+ Kf8 55. Rf7+ Ke8 56. Rc7 Kf8 57. Rc8+ Kg7 58.
Kd6 Kf7 59. Rc7+ Ke8 60. Ke6 Kf8 61. Rc8+ Kg7 62. Re8 Ra4 63. Rd8 Re4 64. Rd1
Kf8 65. Rf1+ Ke8 66. Rc1 Kf8 67. Rc5 Re1 68. Rc8+ Kg7 69. Re8 Ra1 70. Rd8 Re1
71. Kd6 Kf7 72. Rd7+ Ke8 73. Ra7 Re2 74. Ra5 Re1 75. Rb5 Re2 76. Rb1 Re3 77.
Ke6 Kf8 78. Rf1+ Ke8 79. Kf6 Rh3 80. Ke6 Rh7 81. Rf6 Re7+ 82. Kf5 Rf7 83. Kg6
Re7 84. Kf5 Rf7 85. Kg5 Rg7+ 86. Kf4 Rg1 87. Kf5 Ke7 1/2-1/2

[Event "4NCL Division 1c"]
[Site "Telford, ENG"]
[Date "2019.05.06"]
[Round "11.42"]
[White "Adair, James R"]
[Black "Le Roux, Jean-Pierre"]
[Result "1-0"]
[WhiteElo "2474"]
[BlackElo "2542"]
[PlyCount "55"]
[EventDate "2019.05.06"]
[WhiteTeam "White Rose 1"]
[BlackTeam "Guildford 2"]

1. c4 e5 2. Nc3 Nc6 3. Nf3 f5 4. g3 Nf6 5. d4 e4 6. Nh4 d5 7. Bg5 dxc4 8. e3 b5
9. Nxb5 Bb4+ 10. Nc3 Be6 11. Qa4 Qd7 12. Bxf6 gxf6 13. Bh3 Bxc3+ 14. bxc3 Ne7
15. Qd1 O-O 16. O-O Rab8 17. Qh5 Rb6 18. Rac1 Qe8 19. Qh6 Rf7 20. f3 Qf8 21.
Qh5 Rg7 22. fxe4 fxe4 23. Bxe6+ Rxe6 24. Qc5 c6 25. Qxc4 Nd5 26. Nf5 Rg5 27.
Qa6 Qe8 28. Qxa7 1-0

[Event "4NCL Division 1c"]
[Site "Telford, ENG"]
[Date "2019.05.06"]
[Round "11.43"]
[White "Stefanova, Antoaneta"]
[Black "Wells, Peter K"]
[Result "1-0"]
[WhiteElo "2464"]
[BlackElo "2416"]
[PlyCount "105"]
[EventDate "2019.05.06"]
[WhiteTeam "Guildford 2"]
[BlackTeam "White Rose 1"]

1. Nf3 d5 2. g3 c6 3. Bg2 Bg4 4. O-O Nd7 5. d3 e6 6. h3 Bh5 7. e4 Bc5 8. exd5
exd5 9. g4 Bg6 10. d4 Bd6 11. Ne5 Bxe5 12. dxe5 h5 13. Na3 hxg4 14. Qxg4 Nc5
15. Bg5 Qd7 16. Qxd7+ Kxd7 17. Rad1 Be4 18. Be3 Bxg2 19. Kxg2 Ne6 20. f4 g6 21.
Nc4 Ne7 22. Nd6 Rh7 23. c4 b6 24. Ne4 Rah8 25. Nf6+ Kc7 26. Nxh7 Rxh7 27. cxd5
Nxd5 28. Bc1 Ng7 29. Rf3 Rh8 30. Rfd3 Rd8 31. Kf3 Nf5 32. b3 Rh8 33. Kg2 Kd7
34. b4 b5 35. Rxd5+ cxd5 36. Rxd5+ Kc6 37. Rc5+ Kb6 38. Bd2 Rd8 39. Be1 a6 40.
Rc3 Kb7 41. Kf3 Rd1 42. Bf2 Rd2 43. a3 Ra2 44. h4 Rd2 45. Bg3 Ra2 46. h5 gxh5
47. Ke4 Ne7 48. f5 h4 49. Bf4 Nc6 50. e6 fxe6 51. f6 Re2+ 52. Kd3 Rf2 53. Ke3
1-0

[Event "4NCL Division 1c"]
[Site "Telford, ENG"]
[Date "2019.05.06"]
[Round "11.44"]
[White "Camacho Collados, Jose"]
[Black "Hebden, Mark L"]
[Result "1-0"]
[WhiteElo "2400"]
[BlackElo "2420"]
[PlyCount "81"]
[EventDate "2019.05.06"]
[WhiteTeam "White Rose 1"]
[BlackTeam "Guildford 2"]

1. Nf3 Nf6 2. g3 g6 3. Bg2 Bg7 4. d4 O-O 5. O-O d6 6. a4 c6 7. a5 Qc7 8. Nc3 e5
9. e4 Re8 10. h3 Na6 11. Re1 b5 12. axb6 axb6 13. Be3 Bb7 14. Qd2 b5 15. Bh6
Bxh6 16. Qxh6 Qe7 17. Nd1 Nb4 18. Rxa8 Rxa8 19. Qd2 c5 20. d5 Ra1 21. Nh4 Bc8
22. Ne3 Qa7 23. Kh2 Rxe1 24. Qxe1 Kf8 25. Qd2 Qa4 26. f4 Na6 27. c4 b4 28. fxe5
dxe5 29. Nef5 Ng8 30. Ne3 Nf6 31. d6 Be6 32. Nd5 Bxd5 33. Qh6+ Ke8 34. Qg7 Be6
35. Qxf6 Kd7 36. Nf5 Qa5 37. Qe7+ Kc8 38. Qa7 Qa2 39. Ne7+ Kd8 40. Nc6+ Kc8 41.
Nb8 1-0

[Event "4NCL Division 1c"]
[Site "Telford, ENG"]
[Date "2019.05.06"]
[Round "11.45"]
[White "Paehtz, Elisabeth"]
[Black "McNab, Colin A"]
[Result "1/2-1/2"]
[WhiteElo "2456"]
[BlackElo "2417"]
[PlyCount "47"]
[EventDate "2019.05.06"]
[WhiteTeam "Guildford 2"]
[BlackTeam "White Rose 1"]

1. e4 g6 2. d4 d6 3. Nc3 Nf6 4. Be3 c6 5. Qd2 Nbd7 6. h3 Bg7 7. Nf3 O-O 8. a4
Qc7 9. Bd3 e5 10. dxe5 Nxe5 11. Nd4 d5 12. exd5 Nxd3+ 13. cxd3 Rd8 14. dxc6
bxc6 15. Rc1 c5 16. Ndb5 Qc6 17. O-O a6 18. Na3 Bf5 19. Nc4 Nd5 20. Bg5 f6 21.
Na5 Qb6 22. Nc4 Qc6 23. Na5 Qb6 24. Nc4 1/2-1/2

[Event "4NCL Division 1c"]
[Site "Telford, ENG"]
[Date "2019.05.06"]
[Round "11.46"]
[White "Palliser, Richard J D"]
[Black "Ris, Robert"]
[Result "1/2-1/2"]
[WhiteElo "2411"]
[BlackElo "2461"]
[PlyCount "50"]
[EventDate "2019.05.06"]
[WhiteTeam "White Rose 1"]
[BlackTeam "Guildford 2"]

1. d4 d5 2. c4 e6 3. Nc3 a6 4. cxd5 exd5 5. Bf4 Nf6 6. e3 Bd6 7. Bg5 Be6 8. Bd3
h6 9. Bh4 Nbd7 10. f4 g5 11. fxg5 hxg5 12. Bxg5 Bxh2 13. Nf3 Bg3+ 14. Kd2 Rg8
15. Qb3 Qe7 16. Qxb7 Rb8 17. Qxa6 Rxb2+ 18. Kc1 Qb4 19. Nd1 Rxg2 20. a3 Qd6 21.
Qc8+ Ke7 22. Qxg8 Qc6+ 23. Kb1 Qb6+ 24. Kc1 Qc6+ 25. Kb1 Qb6+ 1/2-1/2

[Event "4NCL Division 1c"]
[Site "Telford, ENG"]
[Date "2019.05.06"]
[Round "11.47"]
[White "Suarez Real, Alberto"]
[Black "Chow, Samuel"]
[Result "1-0"]
[WhiteElo "2445"]
[BlackElo "2328"]
[PlyCount "71"]
[EventDate "2019.05.06"]
[WhiteTeam "Guildford 2"]
[BlackTeam "White Rose 1"]

1. e4 e6 2. d4 d5 3. Nd2 Nf6 4. Bd3 c5 5. e5 Nfd7 6. c3 Nc6 7. Ngf3 a6 8. O-O
g5 9. Nb3 h6 10. Nxc5 Nxc5 11. dxc5 Bxc5 12. Qe2 Qc7 13. Re1 Bd7 14. Bd2 Rc8
15. b4 Bf8 16. a4 Bg7 17. b5 axb5 18. axb5 Na5 19. Nd4 Nc4 20. Bxc4 Qxc4 21.
Qf3 O-O 22. h4 f6 23. exf6 Rxf6 24. Qg3 gxh4 25. Qxh4 Rcf8 26. Re3 Kh7 27. Rg3
e5 28. Re1 Rg6 29. Rxg6 Kxg6 30. Re3 Kf7 31. Qh5+ Kg8 32. Rg3 exd4 33. Bxh6 Rf7
34. Qe5 Bg4 35. Rxg4 Qc7 36. Bxg7 1-0

[Event "4NCL Division 1c"]
[Site "Telford, ENG"]
[Date "2019.05.06"]
[Round "11.48"]
[White "Sucikova, Svetlana"]
[Black "Sarakauskas, Gediminas"]
[Result "0-1"]
[WhiteElo "2110"]
[BlackElo "2434"]
[PlyCount "90"]
[EventDate "2019.05.06"]
[WhiteTeam "White Rose 1"]
[BlackTeam "Guildford 2"]

1. c4 Nf6 2. Nc3 g6 3. Nf3 Bg7 4. e3 O-O 5. Be2 d5 6. b3 c5 7. cxd5 Nxd5 8. Bb2
Nc6 9. a3 Nxc3 10. Bxc3 e5 11. Qc2 Re8 12. Qb2 Nd4 13. Bd1 Bg4 14. Nxd4 exd4
15. Bxg4 dxc3 16. dxc3 Qh4 17. Be2 Rxe3 18. Rc1 Rae8 19. Rc2 Bxc3+ 20. Rxc3
Rxe2+ 21. Qxe2 Rxe2+ 22. Kxe2 Qe4+ 23. Re3 Qxg2 24. Rc1 Qxh2 25. Rxc5 Qd6 26.
b4 h5 27. Rd3 Qf4 28. Kf1 h4 29. Rd8+ Kg7 30. Rd7 b6 31. Rcc7 a5 32. bxa5 bxa5
33. Kg2 g5 34. a4 g4 35. Kg1 Qf3 36. Ra7 Kg6 37. Ra6+ f6 38. Rdd6 Qc3 39. Re6
Kg5 40. Rac6 Qa1+ 41. Kh2 Qd4 42. Kg1 Qxa4 43. Rc5+ f5 44. Ree5 Qd1+ 45. Kh2
Qf3 0-1

[Event "4NCL Division 1c"]
[Site "Telford, ENG"]
[Date "2019.03.17"]
[Round "8.11"]
[White "Jones, Gawain C B"]
[Black "Zhou, Yang-Fan"]
[Result "1-0"]
[WhiteElo "2681"]
[BlackElo "2439"]
[PlyCount "75"]
[EventDate "2019.03.17"]
[WhiteTeam "Guildford 1"]
[BlackTeam "Guildford 2"]

1. e4 c5 2. Nf3 e6 3. g3 Nc6 4. Bg2 Nf6 5. d3 Be7 6. O-O O-O 7. Qe2 d5 8. e5
Ne8 9. c4 Nc7 10. a4 b6 11. Nc3 Rb8 12. Rd1 a6 13. Bf4 b5 14. h4 bxc4 15. dxc4
Na5 16. cxd5 exd5 17. Ng5 Be6 18. Qd3 g6 19. Nxd5 Nxd5 20. Bxd5 Bxd5 21. Qxd5
Qxd5 22. Rxd5 Rxb2 23. Rad1 Nc4 24. Ne4 Nb6 25. R5d3 c4 26. Rd4 a5 27. Bg5 Bxg5
28. hxg5 Kg7 29. Nf6 c3 30. Kg2 c2 31. Rh4 h5 32. gxh6+ Kh8 33. Rc1 Rd8 34. Re4
Rb4 35. Rxc2 Nxa4 36. Rc7 Rf8 37. Rxb4 axb4 38. e6 1-0

[Event "4NCL Division 1c"]
[Site "Telford, ENG"]
[Date "2019.03.17"]
[Round "8.12"]
[White "Sarakauskas, Gediminas"]
[Black "McShane, Luke J"]
[Result "0-1"]
[WhiteElo "2431"]
[BlackElo "2661"]
[PlyCount "66"]
[EventDate "2019.03.17"]
[WhiteTeam "Guildford 2"]
[BlackTeam "Guildford 1"]

1. e4 e5 2. Nf3 Nc6 3. Bb5 Nf6 4. O-O Nxe4 5. Qe2 Nd6 6. Bxc6 dxc6 7. Qxe5+ Qe7
8. Qa5 Qd7 9. Qe5+ Qe6 10. Qa5 Be7 11. Re1 Qd7 12. d3 O-O 13. Bf4 b6 14. Qd2
Bb7 15. Ne5 Qd8 16. Nc3 Nf5 17. Nc4 c5 18. Ne3 Nh4 19. Bxc7 Qd7 20. Bg3 f5 21.
Ne2 f4 22. Nxf4 Rxf4 23. Bxf4 Bxg2 24. Nxg2 Nf3+ 25. Kh1 Nxd2 26. Bxd2 Bf6 27.
Bc3 Bxc3 28. bxc3 Re8 29. Rxe8+ Qxe8 30. Ne3 Qe5 31. d4 cxd4 32. cxd4 Qxd4 33.
Rd1 Qa4 0-1

[Event "4NCL Division 1c"]
[Site "Telford, ENG"]
[Date "2019.03.17"]
[Round "8.13"]
[White "Edouard, Romain"]
[Black "Milliet, Sophie"]
[Result "1/2-1/2"]
[WhiteElo "2658"]
[BlackElo "2391"]
[PlyCount "89"]
[EventDate "2019.03.17"]
[WhiteTeam "Guildford 1"]
[BlackTeam "Guildford 2"]

1. Nf3 c5 2. c4 Nc6 3. Nc3 g6 4. g3 Bg7 5. Bg2 d6 6. O-O e6 7. b3 Nge7 8. Ba3
O-O 9. e3 e5 10. Rc1 f5 11. d3 h6 12. Nd2 g5 13. Nd5 a5 14. Bb2 Nb4 15. Nxb4
axb4 16. Ra1 g4 17. f4 gxf3 18. Bxf3 Ra7 19. Bg2 Be6 20. e4 Qd7 21. exf5 Nxf5
22. Ne4 Rfa8 23. Qh5 Rxa2 24. Rxa2 Rxa2 25. Bh3 Qf7 26. Qxf7+ Bxf7 27. Bxf5
Rxb2 28. Nxd6 Rxb3 29. d4 e4 30. dxc5 Bd4+ 31. Kh1 Rf3 32. Rxf3 exf3 33. Nxf7
Kxf7 34. Be4 f2 35. Kg2 Bxc5 36. Bxb7 Kf6 37. Be4 Ke5 38. Bg6 Be3 39. Kf1 Kd4
40. h4 b3 41. c5 Kxc5 42. g4 b2 43. g5 hxg5 44. hxg5 Bxg5 45. Kxf2 1/2-1/2

[Event "4NCL Division 1c"]
[Site "Telford, ENG"]
[Date "2019.03.17"]
[Round "8.14"]
[White "Buckley, Graeme N"]
[Black "Pert, Nicholas"]
[Result "0-1"]
[WhiteElo "2339"]
[BlackElo "2560"]
[PlyCount "80"]
[EventDate "2019.03.17"]
[WhiteTeam "Guildford 2"]
[BlackTeam "Guildford 1"]

1. e4 c5 2. Nf3 Nc6 3. Bb5 g6 4. Bxc6 dxc6 5. d3 Bg7 6. h3 Nf6 7. Nc3 Nd7 8.
Be3 e5 9. Qd2 h6 10. Nh2 b6 11. a3 Nf8 12. b4 Ne6 13. bxc5 f5 14. exf5 gxf5 15.
Qe2 O-O 16. O-O f4 17. Bd2 Nd4 18. Qd1 f3 19. Re1 Rf6 20. Re3 Rg6 21. Rxf3
Nxf3+ 22. Qxf3 Qh4 23. Kf1 Bd7 24. Ne4 Rf8 25. Qe3 bxc5 26. Nxc5 Bxh3 27. gxh3
Rg3 28. Ke2 Rxe3+ 29. Bxe3 Qxh3 30. Nf1 h5 31. Rb1 Bh6 32. Ne4 Qf3+ 33. Kd2 Bf4
34. Kc3 Rf7 35. Nfd2 Qg2 36. Nc4 h4 37. Ncd6 Bxe3 38. fxe3 Rf8 39. Rb7 h3 40.
Ne8 Qg6 0-1

[Event "4NCL Division 1c"]
[Site "Telford, ENG"]
[Date "2019.03.17"]
[Round "8.15"]
[White "Plat, Vojtech"]
[Black "Wadsworth, Matthew J"]
[Result "1-0"]
[WhiteElo "2533"]
[BlackElo "2396"]
[PlyCount "69"]
[EventDate "2019.03.17"]
[WhiteTeam "Guildford 1"]
[BlackTeam "Guildford 2"]

1. d4 Nf6 2. c4 c5 3. Nf3 cxd4 4. Nxd4 Nc6 5. Nc3 e6 6. g3 Qb6 7. Nb3 Ne5 8. e4
Bb4 9. Qe2 d6 10. f4 Nc6 11. Be3 Qc7 12. Bg2 Bxc3+ 13. bxc3 e5 14. c5 dxc5 15.
Bxc5 exf4 16. O-O Bg4 17. Qd2 f3 18. Bxf3 Bxf3 19. Rxf3 Ne5 20. Rf5 Nfd7 21.
Qd5 O-O-O 22. Be7 Rde8 23. Bd6 Qb6+ 24. Kh1 f6 25. Nd4 h5 26. Rff1 h4 27. Rfb1
hxg3 28. Rxb6 Rxh2+ 29. Kg1 axb6 30. Rf1 Reh8 31. Nf3 Rh1+ 32. Kg2 Rxf1 33.
Nxe5 Rfh1 34. Nxd7 Kxd7 35. Bxg3+ 1-0

[Event "4NCL Division 1c"]
[Site "Telford, ENG"]
[Date "2019.03.17"]
[Round "8.16"]
[White "Povah, Nigel E"]
[Black "Le Roux, Jean-Pierre"]
[Result "0-1"]
[WhiteElo "2321"]
[BlackElo "2539"]
[PlyCount "104"]
[EventDate "2019.03.17"]
[WhiteTeam "Guildford 2"]
[BlackTeam "Guildford 1"]

1. d4 g6 2. e4 Bg7 3. Nc3 a6 4. Be3 b5 5. h4 Bb7 6. f3 h6 7. Qd2 d6 8. h5 g5 9.
Nge2 Nd7 10. Ng3 e6 11. a4 b4 12. Nd1 c5 13. c3 Qa5 14. cxb4 Qxb4 15. Qxb4 cxb4
16. b3 Ne7 17. Bd3 O-O 18. Rc1 Nc6 19. Ne2 Rac8 20. Nb2 Nc5 21. dxc5 Bxb2 22.
Rc2 Ne5 23. Kd2 dxc5 24. Rxb2 Rfd8 25. Bd4 cxd4 26. Rc1 Rc3 27. Bc4 a5 28. Rbb1
Nxc4+ 29. bxc4 Bc6 30. Nxc3 dxc3+ 31. Ke3 Bxa4 32. Ra1 Bb3 33. Rxa5 Bxc4 34.
Rc5 Rd3+ 35. Ke2 Ba6 36. Ra5 Rd6+ 37. Ke3 Rc6 38. Kd4 c2 39. Ra4 b3 40. Rb4 Bc4
41. Kc3 Bf1+ 42. Kb2 Bxg2 43. Rxb3 g4 44. fxg4 Bxe4 45. Rb4 Bh7 46. Rb7 Rc5 47.
Rg1 Bd3 48. Kc1 Rd5 49. Rg2 Be4 50. Rd2 Ra5 51. Rb8+ Kg7 52. Kb2 c1=Q+ 0-1